Missing Word: Romance Books Quiz Stats

Quiz Updated Mar 6, 2018

Score 0/20 Timer 03:00
0 Plays Today
Book Missing Word % Correct
The Phantom of the ____Opera
98%
Fifty ____ of GreyShades
96.1%
____ EyreJane
96%
____ KareninaAnna
95.5%
The Great ____Gatsby
95.2%
Pride and ____Prejudice
94.9%
The ____ of Monte CristoCount
94.9%
____ and SouthNorth
94.7%
Sense and ____Sensibility
92.5%
The ____ LetterScarlet
92.4%
Book Missing Word % Correct
____ HeightsWuthering
90.9%
The ____ PatientEnglish
90.7%
____ BovaryMadame
85.6%
The ____ in Our StarsFault
84%
Water for ____Elephants
80.9%
____ of the D'UrbervillesTess
80.1%
The ____ BridePrincess
75.3%
The Thorn ____Birds
75%
The French Lieutenant’s ____Woman
70%
New ____Moon
64.7%

Today's Daily Dose

Missing Word
'F' Science

Word Ladder
Guitar Heroes

Quick Pick
Zambian Borders

On This Day
April 22nd II

You're not logged in!

Compare scores with friends on all Sporcle quizzes.
Sign Up with Email
OR
Log In

You Might Also Like...

Show Comments

Extras

Top Quizzes Today


Score Distribution

Your Account Isn't Verified!

In order to create a playlist on Sporcle, you need to verify the email address you used during registration. Go to your Sporcle Settings to finish the process.

Report this User

Report this user for behavior that violates our Community Guidelines.

Details: